banner-ar

THE IRAQI INVASION OF KUWAIT : (Record no. 4656)

MARC details
000 -الفاتح
حقل البيانات ثابتة الطول 00570nam a2200181Ia 4500
008 - عناصر البيانات ثابتة الطول - معلومات عامة
حقل البيانات ثابتة الطول 140319s9999 xx 000 0 eng d
040 ## - مصدر الفهرسة
وكالة الفهرسة الأصلية GCL /
وكالة النسخ GCL
082 04 - رقم تصنيف ديوى العشرى
رقم التصنيف 363.73095367
رقم المادة H I
100 1# - المدخل الرئيسى - إسم شخصى
الإسم الشخصى JASSIM, MOHAMMAD HASSAN
245 10 - بيان العنوان
العنوان THE IRAQI INVASION OF KUWAIT :
بقية العنوان AN ENVIRONMENTAL CATASTROPHE /
بيان المسئوليه,etc JASSIM, MOHAMMAD HASSAN
260 ## - PUBLICATION, DISTRIBUTION, ETC. (IMPRINT)
تاريخ النشر أو التوزيع 1992
300 ## - الوصف المادى
التعداد 162 P
تفاصيل ماديه اخرى للوعاء ILL. ؛
أبعاد الوعاء 26 cm.
650 04 - المدخل الاضافى بالموضوع-مصطلح موضوعى
مصطلح موضوعي ENVIRONMENT
650 04 - المدخل الاضافى بالموضوع-مصطلح موضوعى
مصطلح موضوعي ENVIRONMENT - KUWAIT
650 04 - المدخل الاضافى بالموضوع-مصطلح موضوعى
مصطلح موضوعي KUWAIT - POLLUTION -
942 ## - عناصر المدخل الإضافي( كوها)
مصدر التصنيف او مخطط الترفيف Dewey Decimal Classification
Koha [default] item type كتاب
260 ## - PUBLICATION, DISTRIBUTION, ETC. (IMPRINT)
-- الكويت :
-- KUWAIT MINISTRY OF INFORMATION ،
Holdings
حالة التراجع حالة الفقد حالة تلف ليس للاعارة المكان المؤقت الموقع الحالى تاريخ الاكتساب اجمالي اﻻعارات رقم الطلب الباركود تاريخ اخر مشاهدة تاريخ تفعيل السعر نوع وعاء كوها
        مكتبة القاهرة الكبرى مكتبة القاهرة الكبرى 03/26/2014   363.73095367\H I 10501 03/26/2014 03/26/2014 كتاب
        مكتبة القاهرة الكبرى مكتبة القاهرة الكبرى 03/26/2014   363.73095367\H I 10502 03/26/2014 03/26/2014 كتاب
        مكتبة القاهرة الكبرى مكتبة القاهرة الكبرى 03/26/2014   363.73095367\H I 10503 03/26/2014 03/26/2014 كتاب

Powered By

EGPV